Statistics for European Countries with the Fewest Overnight Visitors

Click here to take the quiz!

General Stats

  • This quiz has been taken 14,718 times
    (13,794 since last reset)
  • The average score is 7 of 10

Answer Stats

Visitors Country % Correct
very lowVatican City
86%
78,000San Marino
83%
79,000Liechtenstein
83%
145,000Moldova
81%
9,597Kosovo
74%
355,000Monaco
72%
1,046,000Luxembourg
72%
631,000North Macedonia
66%
1,497,000Serbia
62%
922,000Bosnia and Herzegovina
61%

Score Distribution

Percentile by Number Answered

Percent of People with Each Score

Your Score History

You have not taken this quiz since the last reset